000
00289nam a22001217a 4500
040
_c
SCME
100
_a
Max S.Peters
_9
93983
245
_a
Plant design and economics for chemical engineers
250
_a
5th
260
_a
America
_b
McGrae Hill
_c
2003
300
_a
988p.
942
_2
ddc
_c
BK
999
_c
590377
_d
590377